[Event "SWE-chT 2223 Elite"]
[Site "Sweden"]
[Date "2023.03.10"]
[Round "7.2"]
[White "Degerman, Lars"]
[Black "Lukez, Franko"]
[Result "1/2-1/2"]
[WhiteElo "2432"]
[BlackElo "2264"]
[PlyCount "78"]
[EventDate "2022.10.14"]
[EventType "team-tourn"]
[EventRounds "9"]
[EventCountry "SWE"]
[SourceTitle "CBM 213 Extra"]
[Source "ChessBase"]
[SourceDate "2023.05.31"]
[SourceVersion "1"]
[SourceVersionDate "2023.05.31"]
[SourceQuality "1"]
[WhiteTeam "Farsta"]
[BlackTeam "Eksjo"]
[WhiteTeamCountry "SWE"]
[BlackTeamCountry "SWE"]

1. c4 Nf6 2. g3 g6 3. Bg2 Bg7 4. Nc3 0-0 5. d4 c5 6. Nf3 d6 7. dxc5 dxc5 8. 0-0 Nc6 9. Bf4 Nh5 10. Be3 Nd4 11. Qd2 Bg4 12. Rfd1 e5 13. Bh6 Bxf3 14. Bxf3 Nxf3+ 15. exf3 Qxd2 16. Bxd2 f5 17. Nd5 Rf7 18. Bc3 Re8 19. Re1 Nf6 20. Bxe5 Nxd5 21. Bxg7 Rxe1+ 22. Rxe1 Kxg7 23. cxd5 Rd7 24. Re5 Kf6 25. f4 Rd6 26. h4 c4 27. Kf1 Rb6 28. Ke1 Rxb2 29. d6 c3 30. Rd5 Rd2 31. Rc5 Rxa2 32. Rxc3 Ke6 33. Rc7 b5 34. Rb7 a6 35. d7 Ke7 36. Kf1 Rd2 37. Rb6 Ra2 38. Rb7 Rd2 39. Rb6 Ra2 1/2-1/2

[Event "SWE-chT 2122 Elite"]
[Site "Sweden"]
[Date "2021.12.04"]
[Round "1.3"]
[White "Haubro, Martin"]
[Black "Lukez, Franko"]
[Result "1/2-1/2"]
[WhiteElo "2395"]
[BlackElo "2284"]
[PlyCount "187"]
[EventDate "2021.12.03"]
[EventType "team-tourn"]
[EventRounds "9"]
[EventCountry "SWE"]
[SourceTitle "EXT 2023"]
[Source "ChessBase"]
[SourceDate "2022.10.05"]
[SourceVersion "1"]
[SourceVersionDate "2022.10.05"]
[SourceQuality "1"]
[WhiteTeam "Limhamn"]
[BlackTeam "Eksjo"]
[WhiteTeamCountry "SWE"]
[BlackTeamCountry "SWE"]

1. e4 g6 2. d4 Bg7 3. Nc3 d6 4. Be3 Nd7 5. h4 h5 6. Nh3 c5 7. Ng5 Qa5 8. Bc4 Nh6 9. 0-0 0-0 10. f3 Nb6 11. Be2 cxd4 12. Bxd4 Bxd4+ 13. Qxd4 f6 14. Bc4+ Nxc4 15. Qxc4+ Kg7 16. Ne6+ Bxe6 17. Qxe6 Qb6+ 18. Kh1 Qxb2 19. Nd5 Rf7 20. Rfb1 Qe5 21. Qxe5 fxe5 22. Nc7 Rb8 23. Na6 Rc8 24. Rxb7 e6 25. Rb2 Rd7 26. Rd1 Nf7 27. Rd2 d5 28. Re2 Rd6 29. Nb4 Rb6 30. Rb3 Rc4 31. Nd3 Kf6 32. Kg1 Rbc6 33. Nb4 R6c5 34. Nd3 Rc7 35. Rb2 Ra4 36. exd5 exd5 37. g3 Rac4 38. Kf1 Kf5 39. Kg2 Re7 40. Nb4 Ke6 41. Nd3 Kf6 42. Rb5 Rd7 43. Ra5 Rdc7 44. Ne1 Ke6 45. Re3 Nd6 46. Rea3 e4 47. Rxa7 exf3+ 48. Kxf3 Rxa7 49. Rxa7 Nb5 50. Ra5 Nd4+ 51. Kf2 Nxc2 52. Nd3 Nb4 53. Nf4+ Kf5 54. a3 Nc6 55. Rxd5+ Ke4 56. Rd2 Ne5 57. Kg2 Kf5 58. Kh3 g5 59. hxg5 h4 60. Ng2 Rc3 61. Nxh4+ Kxg5 62. Rd5 Kf6 63. Ra5 Nd3 64. Ra6+ Ke5 65. Ng6+ Kf5 66. Kh4 Nf2 67. Ne7+ Ke5 68. Ra4 Rb3 69. g4 Rh3+ 70. Kg5 Ne4+ 71. Kg6 Rg3 72. Nc6+ Kd5 73. Nb4+ Ke5 74. Ra5+ Kd4 75. g5 Kc4 76. Nc2 Kb3 77. Nd4+ Kb2 78. a4 Ka3 79. Ne6 Kb4 80. Ra8 Nxg5 81. Nxg5 Ra3 82. Kf5 Rxa4 83. Rb8+ Kc4 84. Nf3 Ra5+ 85. Ke4 Ra1 86. Rc8+ Kb5 87. Kd5 Rd1+ 88. Nd4+ Kb4 89. Ra8 Rh1 90. Rb8+ Kc3 91. Rb3+ Kd2 92. Rg3 Rh7 93. Nc6 Ke2 94. Ra3 1/2-1/2

[Event "SWE-chT Group 3 Qualifier"]
[Site "Lund"]
[Date "2021.10.02"]
[Round "2"]
[White "Lukez, Franko"]
[Black "Carlsson, Ludvig"]
[Result "1/2-1/2"]
[WhiteElo "2303"]
[BlackElo "2374"]
[PlyCount "216"]
[EventDate "2021.10.01"]
[EventType "team-tourn"]
[EventRounds "3"]
[EventCountry "SWE"]
[SourceTitle "CBM 204 Extra"]
[Source "ChessBase"]
[SourceDate "2021.11.30"]
[SourceVersion "1"]
[SourceVersionDate "2021.11.30"]
[SourceQuality "1"]
[WhiteTeam "Eksjo"]
[BlackTeam "Vasteras"]
[WhiteTeamCountry "SWE"]
[BlackTeamCountry "SWE"]

1. Nf3 d5 2. g3 Nf6 3. Bg2 c5 4. 0-0 Nc6 5. d3 e5 6. c4 d4 7. b4 cxb4 8. a3 a5 9. Nbd2 h6 10. axb4 Bxb4 11. Ba3 Bxa3 12. Rxa3 0-0 13. Nb3 Re8 14. Qa1 Qc7 15. Nfd2 b6 16. Rc1 Bb7 17. Ne4 Nxe4 18. Bxe4 Reb8 19. f3 Nd8 20. c5 Bxe4 21. fxe4 Nb7 22. cxb6 Qxb6 23. Nd2 Nd6 24. Rb3 Qd8 25. Qa4 Qg5 26. Rc2 Qe3+ 27. Kf1 Rc8 28. Rb6 Rxc2 29. Qxc2 Rc8 30. Qb2 a4 31. Rxd6 a3 32. Qxa3 Qxd2 33. Rc6 Rb8 34. Qc1 Qxc1+ 35. Rxc1 Kh7 36. Rc5 Rb1+ 37. Kf2 f6 38. Rc7 h5 39. h3 Kh6 40. Rf7 Rb8 41. Kf3 Kg6 42. Ra7 Rb1 43. Rc7 Rf1+ 44. Kg2 Ra1 45. Kf3 Ra8 46. Rb7 Rh8 47. Ra7 Rg8 48. Rb7 Kg5 49. Re7 h4 50. g4 Kg6 51. Ra7 Rb8 52. Rc7 Rb1 53. Kf2 Kh6 54. Rf7 Ra1 55. Rb7 g6 56. Rf7 Kg5 57. Rg7 Ra6 58. Kf3 Rc6 59. Kf2 Rb6 60. Kf3 Ra6 61. Kf2 Ra1 62. Rf7 Rb1 63. Rf8 Rh1 64. Kg2 Re1 65. Kf2 Rb1 66. Rf7 Rb8 67. Kf3 Rc8 68. Kf2 Rc2 69. Kf3 Rc6 70. Rf8 Ra6 71. Rf7 Ra3 72. Rf8 Ra4 73. Rf7 Ra2 74. Rf8 Ra1 75. Kf2 Rc1 76. Rf7 Rc6 77. Kf3 Rb6 78. Rf8 Rc6 79. Rf7 Kh6 80. Kf2 Ra6 81. Kf3 Ra1 82. Kf2 Ra6 83. Kf3 g5 84. Rb7 Kg6 85. Kf2 Ra1 86. Rc7 Rb1 87. Ra7 Rb8 88. Ke1 Rb6 89. Rc7 Rb1+ 90. Kf2 Rh1 91. Kg2 Re1 92. Kf2 Rh1 93. Kg2 Rb1 94. Kf2 Rb8 95. Ke1 Rb2 96. Ra7 Rb1+ 97. Kf2 Rc1 98. Rb7 Kh6 99. Ra7 Rh1 100. Kg2 Re1 101. Kf2 Rb1 102. Rc7 Kg6 103. Ra7 Rh1 104. Kg2 Rd1 105. Kf2 Rc1 106. Rb7 Rh1 107. Kg2 Re1 108. Kf2 Rh1 1/2-1/2

[Event "SWE-chT 1920 Elite"]
[Site "Sweden"]
[Date "2020.02.01"]
[Round "5.2"]
[White "Eklund, Joel"]
[Black "Lukez, Franko"]
[Result "1-0"]
[WhiteElo "2209"]
[BlackElo "2324"]
[PlyCount "89"]
[EventDate "2019.10.18"]
[EventType "team-tourn"]
[EventRounds "9"]
[EventCountry "SWE"]
[SourceTitle "CBM 194 Extra"]
[Source "ChessBase"]
[SourceDate "2020.03.31"]
[SourceVersion "1"]
[SourceVersionDate "2020.03.31"]
[SourceQuality "1"]
[WhiteTeam "Limhamn"]
[BlackTeam "Eksjo"]
[WhiteTeamCountry "SWE"]
[BlackTeamCountry "SWE"]

1. d4 g6 2. e4 Bg7 3. c4 c5 4. d5 b5 5. cxb5 d6 6. Ne2 Nf6 7. Nec3 a6 8. f3 0-0 9. a4 axb5 10. Nxb5 Nfd7 11. N1c3 Na6 12. Be2 Nb4 13. Be3 Ba6 14. Qd2 Qa5 15. 0-0 Rfc8 16. Ra3 Bxb5 17. axb5 Qd8 18. Rc1 Rab8 19. Rca1 c4 20. Ra4 Nd3 21. Bxd3 cxd3 22. Qxd3 Nc5 23. Bxc5 Rxc5 24. Ra6 Bxc3 25. bxc3 Rcxb5 26. h3 Rc5 27. Qd4 Rbc8 28. R1a3 Rc4 29. Qe3 Kg7 30. Ra7 R8c5 31. Rb7 Rc7 32. Qb6 Qc8 33. Raa7 Rxb7 34. Rxb7 Qe8 35. Qa7 Kf8 36. Kh2 f6 37. Rc7 Rxc7 38. Qxc7 h5 39. h4 Kg7 40. c4 g5 41. c5 Kg6 42. c6 gxh4 43. Qd7 Qg8 44. c7 Kh6 45. Qh3 1-0

[Event "SWE-chT 0203"]
[Site "Sweden"]
[Date "2003.03.16"]
[Round "11"]
[White "Lindberg, Bengt"]
[Black "Lukez, Franko"]
[Result "1-0"]
[WhiteElo "2362"]
[BlackElo "2320"]
[PlyCount "43"]
[EventDate "2002.10.11"]
[EventType "team"]
[EventRounds "11"]
[EventCountry "SWE"]
[SourceTitle "EXT 2004"]
[Source "ChessBase"]
[SourceDate "2003.11.25"]
[SourceVersion "1"]
[SourceVersionDate "2003.11.25"]
[SourceQuality "1"]
[WhiteTeam "Farsta"]
[BlackTeam "Eksjo"]
[WhiteTeamCountry "SWE"]
[BlackTeamCountry "SWE"]

1. e4 c5 2. Nf3 d6 3. d4 Nd7 4. Nc3 g6 5. Be3 Bg7 6. dxc5 Nxc5 7. e5 a6 8. exd6 exd6 9. Qd2 Qa5 10. Nd5 Qxd2+ 11. Nxd2 Rb8 12. Nc4 Be6 13. Nxd6+ Kd7 14. 0-0-0 Na4 15. Nc4 Bxd5 16. Rxd5+ Ke6 17. Ra5 b5 18. Rxa6+ Ke7 19. Ra7+ Ke6 20. c3 Ne7 21. Ra6+ Kd7 22. Nd6 1-0

[Event "SWE-chT 0203"]
[Site "Sweden"]
[Date "2003.03.15"]
[Round "10"]
[White "Lukez, Franko"]
[Black "Astrom, Goran"]
[Result "0-1"]
[WhiteElo "2320"]
[BlackElo "2331"]
[PlyCount "120"]
[EventDate "2002.10.11"]
[EventType "team"]
[EventRounds "11"]
[EventCountry "SWE"]
[SourceTitle "EXT 2004"]
[Source "ChessBase"]
[SourceDate "2003.11.25"]
[SourceVersion "1"]
[SourceVersionDate "2003.11.25"]
[SourceQuality "1"]
[WhiteTeam "Eksjo"]
[BlackTeam "Wasa"]
[WhiteTeamCountry "SWE"]
[BlackTeamCountry "SWE"]

1. e4 c5 2. Nf3 e6 3. d4 cxd4 4. Nxd4 a6 5. Nc3 Qc7 6. g3 Nf6 7. Bg2 Nc6 8. 0-0 d6 9. a4 Be7 10. Be3 0-0 11. Qe2 Bd7 12. Nxc6 Bxc6 13. a5 Rac8 14. Bb6 Qb8 15. Rfd1 Rfe8 16. f4 Nd7 17. Bd4 Qc7 18. Qd2 Bf8 19. Bf2 Nf6 20. Bb6 Qb8 21. h3 Nd7 22. Bf2 Nc5 23. Rab1 Qc7 24. Rdc1 Nd7 25. b4 b5 26. axb6 Nxb6 27. Qd4 Bd7 28. Rb3 Nc4 29. Ra1 Bb5 30. Bf1 Qc6 31. Nxb5 axb5 32. Rbb1 g6 33. c3 e5 34. fxe5 dxe5 35. Qd5 Qxd5 36. exd5 e4 37. Bd4 Bg7 38. Bxg7 Kxg7 39. Rd1 Nd6 40. Ra6 Red8 41. Rc6 f5 42. h4 Kf7 43. Rc5 Kf6 44. Ra1 Rxc5 45. bxc5 Nb7 46. c6 Nd6 47. Ra7 Ke5 48. Rxh7 Kxd5 49. c7 Rc8 50. Rg7 Ke5 51. Rxg6 Rxc7 52. h5 Rxc3 53. h6 Rc8 54. g4 b4 55. gxf5 b3 56. Rg3 b2 57. Rb3 Nxf5 58. h7 Rh8 59. Rxb2 Rxh7 60. Bg2 e3 0-1

[Event "SWE-chT 9899"]
[Site "Sweden"]
[Date "1998.11.07"]
[Round "4"]
[White "Lukez, Franko"]
[Black "Degerman, Lars"]
[Result "1/2-1/2"]
[WhiteElo "2320"]
[BlackElo "2500"]
[PlyCount "77"]
[EventDate "1998.??.??"]
[EventType "team"]
[EventRounds "11"]
[EventCountry "SWE"]
[SourceTitle "EXT 2000"]
[Source "ChessBase"]
[SourceDate "1999.11.16"]
[SourceVersion "1"]
[SourceVersionDate "1999.11.16"]
[SourceQuality "1"]

1. e4 c5 2. Nc3 Nc6 3. Nf3 d6 4. d4 cxd4 5. Nxd4 Nf6 6. g3 g6 7. Nde2 Bg7 8. Bg2 0-0 9. b3 Ne8 10. Bb2 b5 11. 0-0 Bb7 12. Qc1 a6 13. Nd5 Bxb2 14. Qxb2 e6 15. Ne3 Nf6 16. Rfd1 Qe7 17. c4 b4 18. a3 a5 19. Qd2 Rfd8 20. axb4 axb4 21. Rxa8 Bxa8 22. Nd4 Nxd4 23. Qxd4 e5 24. Qd3 Qc7 25. Nc2 Qc5 26. Kf1 Bc6 27. f3 d5 28. exd5 Rxd5 29. Qe2 Rxd1+ 30. Qxd1 Nd5 31. f4 Nc3 32. Qd8+ Kg7 33. fxe5 Bxg2+ 34. Kxg2 Qc6+ 35. Kg1 Qe4 36. Qf6+ Kg8 37. Qd8+ Kg7 38. Qf6+ Kg8 39. Qd8+ 1/2-1/2

[Event "SWE-chT 9798"]
[Site "Sweden"]
[Date "1998.??.??"]
[Round "7"]
[White "Engstrom, Kaj"]
[Black "Lukez, Franko"]
[Result "0-1"]
[WhiteElo "2255"]
[BlackElo "2320"]
[PlyCount "70"]
[EventDate "1997.??.??"]
[EventType "team"]
[EventRounds "9"]
[EventCountry "SWE"]
[SourceTitle "EXT 2000"]
[Source "ChessBase"]
[SourceDate "1999.11.16"]
[SourceVersion "1"]
[SourceVersionDate "1999.11.16"]
[SourceQuality "1"]

1. e4 e5 2. Nf3 Nc6 3. Bb5 g6 4. 0-0 Bg7 5. c3 a6 6. Ba4 d6 7. d3 Nge7 8. Be3 0-0 9. d4 Bg4 10. d5 Na5 11. h3 Bxf3 12. Qxf3 f5 13. Na3 b5 14. Bc2 c6 15. b4 Nc4 16. Nxc4 bxc4 17. dxc6 fxe4 18. Qxe4 d5 19. Qg4 e4 20. Qe6+ Rf7 21. f3 Qc8 22. Qxc8+ Rxc8 23. fxe4 Bxc3 24. Rxf7 Kxf7 25. Rd1 Nxc6 26. exd5 Nxb4 27. Ba4 Bf6 28. Bd7 Rd8 29. Be6+ Kg7 30. Bb6 Re8 31. a3 Nd3 32. Bd7 Re2 33. Bc8 c3 34. Bg4 Re8 35. d6 c2 0-1

[Event "SSKK 60 jub corr"]
[Site "Sweden"]
[Date "1998.??.??"]
[Round "?"]
[White "Lukez, Franko"]
[Black "Hiltunen, Reijo"]
[Result "1/2-1/2"]
[WhiteElo "2545"]
[BlackElo "2545"]
[PlyCount "56"]
[EventDate "1998.??.??"]
[EventType "tourn (corr)"]
[EventRounds "14"]
[EventCountry "SWE"]
[EventCategory "12"]
[SourceTitle "Corr 2002"]
[Source "ChessBase"]
[SourceDate "2002.05.23"]
[SourceVersion "1"]
[SourceVersionDate "2002.05.23"]
[SourceQuality "1"]

1. e4 c5 2. Nf3 Nc6 3. Nc3 e6 4. d4 cxd4 5. Nxd4 Qc7 6. g3 a6 7. Bg2 Nf6 8. 0-0 d6 9. a4 Be7 10. Be3 0-0 11. Qe2 Bd7 12. Nxc6 Bxc6 13. a5 Nd7 14. Rfb1 Kh8 15. b4 f5 16. b5 Bxe4 17. Nxe4 fxe4 18. bxa6 bxa6 19. Bxe4 d5 20. Bd3 Bc5 21. Bxc5 Nxc5 22. Rb6 e5 23. Bxa6 e4 24. Qb5 Nd7 25. Rb7 Qc3 26. Rb1 Ne5 27. Rb8 Nf3+ 28. Kg2 Nd2 1/2-1/2

[Event "SSKK 60 jub corr"]
[Site "Sweden"]
[Date "1998.??.??"]
[Round "?"]
[White "Lukez, Franko"]
[Black "Holmberg, Rune"]
[Result "1/2-1/2"]
[WhiteElo "2549"]
[BlackElo "2567"]
[PlyCount "109"]
[EventDate "1998.??.??"]
[EventType "tourn (corr)"]
[EventRounds "14"]
[EventCountry "SWE"]
[EventCategory "12"]
[SourceTitle "Corr 2002"]
[Source "ChessBase"]
[SourceDate "2002.05.23"]
[SourceVersion "1"]
[SourceVersionDate "2002.05.23"]
[SourceQuality "1"]

1. e4 e6 2. d4 d5 3. Nd2 Nf6 4. e5 Nfd7 5. Bd3 c5 6. c3 Nc6 7. Ne2 cxd4 8. cxd4 Qb6 9. Nf3 f6 10. exf6 Nxf6 11. 0-0 Bd6 12. Nc3 0-0 13. a3 Bd7 14. Re1 Kh8 15. Bc2 Rac8 16. Rb1 Ne7 17. Bg5 Be8 18. Ne5 Bxe5 19. Rxe5 h6 20. Bxf6 Rxf6 21. Re3 Rc4 22. Ne2 Rxc2 23. Qxc2 Bg6 24. Qd1 Bxb1 25. Qxb1 Nc6 26. Qc2 Nxd4 27. Nxd4 Qxd4 28. Qc8+ Kh7 29. Qc2+ g6 30. Qc7+ Kg8 31. Qc8+ Kg7 32. Qxb7+ Rf7 33. Qb3 e5 34. Qc3 Qxc3 35. Rxc3 d4 36. Rc6 e4 37. Rd6 Rc7 38. g4 d3 39. Kg2 Rc2 40. Kg3 Rxb2 41. f3 Ra2 42. fxe4 Rxa3 43. Kf4 a5 44. Ke3 Ra2 45. Rxd3 Rxh2 46. Rd6 a4 47. Ra6 a3 48. Kf4 Rf2+ 49. Kg3 Ra2 50. e5 Ra1 51. Ra7+ Kf8 52. e6 a2 53. Kg2 h5 54. gxh5 gxh5 55. Kh2 1/2-1/2

[Event "Karlskrona op"]
[Site "Rodeby"]
[Date "1998.??.??"]
[Round "4"]
[White "Lukez, Franko"]
[Black "Lejlic, Samir"]
[Result "0-1"]
[WhiteElo "2320"]
[BlackElo "2415"]
[PlyCount "58"]
[EventDate "1998.??.??"]
[EventType "swiss"]
[EventRounds "7"]
[EventCountry "SWE"]
[SourceTitle "EXT 2000"]
[Source "ChessBase"]
[SourceDate "1999.11.16"]
[SourceVersion "1"]
[SourceVersionDate "1999.11.16"]
[SourceQuality "1"]

1. e4 Nc6 2. Nf3 d6 3. d4 Nf6 4. d5 Nb8 5. Nc3 g6 6. Bg5 Bg7 7. Qd2 c6 8. 0-0-0 0-0 9. Bh6 Bg4 10. Bxg7 Kxg7 11. Be2 Nbd7 12. Rhe1 Qa5 13. Nd4 Bxe2 14. Rxe2 c5 15. Nb3 Qc7 16. f4 a6 17. Rde1 b5 18. e5 Ng8 19. exd6 exd6 20. Ne4 b4 21. f5 a5 22. Qf4 Ngf6 23. Nxd6 Ra6 24. Ne8+ Nxe8 25. Qxc7 Nxc7 26. Re7 Rd6 27. Nxa5 Nxd5 28. Rd1 Nxe7 29. Rxd6 Nf6 0-1

[Event "Karlskrona op"]
[Site "Rodeby"]
[Date "1998.??.??"]
[Round "7"]
[White "Lukez, Franko"]
[Black "Svensson, Leif"]
[Result "1/2-1/2"]
[WhiteElo "2320"]
[BlackElo "2215"]
[PlyCount "45"]
[EventDate "1998.??.??"]
[EventType "swiss"]
[EventRounds "7"]
[EventCountry "SWE"]
[SourceTitle "EXT 2000"]
[Source "ChessBase"]
[SourceDate "1999.11.16"]
[SourceVersion "1"]
[SourceVersionDate "1999.11.16"]
[SourceQuality "1"]

1. e4 e5 2. Nf3 Nc6 3. d4 exd4 4. Bc4 Bc5 5. c3 Qf6 6. e5 Qg6 7. cxd4 d5 8. Bxd5 Nb4 9. Bb3 Nd3+ 10. Kf1 Nxc1 11. Ba4+ c6 12. Qxc1 Qd3+ 13. Kg1 Bxd4 14. Bc2 Qc4 15. Nbd2 Qb4 16. Nxd4 Qxd4 17. Nf3 Qc5 18. Qg5 Qxc2 19. Qxg7 Be6 20. Qxh8 0-0-0 21. h3 Ne7 22. Qf6 Qxb2 23. Kh2 1/2-1/2

[Event "Karlskrona op"]
[Site "Rodeby"]
[Date "1998.??.??"]
[Round "2"]
[White "Lukez, Franko"]
[Black "Winfridsson, Ola"]
[Result "1-0"]
[WhiteElo "2320"]
[BlackElo "2010"]
[PlyCount "55"]
[EventDate "1998.??.??"]
[EventType "swiss"]
[EventRounds "7"]
[EventCountry "SWE"]
[SourceTitle "EXT 2000"]
[Source "ChessBase"]
[SourceDate "1999.11.16"]
[SourceVersion "1"]
[SourceVersionDate "1999.11.16"]
[SourceQuality "1"]

1. e4 c6 2. d4 d5 3. f3 e6 4. Nc3 Bb4 5. g3 Ne7 6. Nge2 c5 7. a3 cxd4 8. Qxd4 Bxc3+ 9. Nxc3 0-0 10. Bd3 Nbc6 11. Qf2 d4 12. Ne2 e5 13. g4 Qd6 14. Ng3 Re8 15. Nf5 Nxf5 16. gxf5 Kf8 17. Qh4 h6 18. Rg1 Qd8 19. Qg4 Qf6 20. Bd2 g5 21. h4 gxh4 22. Qh5 Ke7 23. 0-0-0 Bd7 24. Be1 Kd6 25. Bxh4 Qh8 26. Qxf7 Rf8 27. Rg6+ Kc7 28. Qd5 1-0

[Event "SSKK 60 jub corr"]
[Site "Sweden"]
[Date "1998.??.??"]
[Round "?"]
[White "Nilsson, Joergen"]
[Black "Lukez, Franko"]
[Result "0-1"]
[WhiteElo "2516"]
[BlackElo "2549"]
[PlyCount "120"]
[EventDate "1998.??.??"]
[EventType "tourn (corr)"]
[EventRounds "14"]
[EventCountry "SWE"]
[EventCategory "12"]
[SourceTitle "Corr 2002"]
[Source "ChessBase"]
[SourceDate "2002.05.23"]
[SourceVersion "1"]
[SourceVersionDate "2002.05.23"]
[SourceQuality "1"]

1. e4 e5 2. Nf3 Nc6 3. Bb5 g6 4. 0-0 Bg7 5. c3 a6 6. Bc4 d6 7. d4 Qe7 8. dxe5 Nxe5 9. Nxe5 dxe5 10. b3 Be6 11. Ba3 Qd7 12. Bxe6 Qxe6 13. c4 Rd8 14. Qe2 Bf8 15. Bxf8 Kxf8 16. Nc3 Nf6 17. f4 c6 18. f5 Qd6 19. Qf3 Kg7 20. Rad1 Qc5+ 21. Kh1 Qe7 22. g4 g5 23. Qe3 h6 24. h3 Rdg8 25. Rg1 Kf8 26. Qb6 h5 27. Rd8+ Kg7 28. Rxg8+ Kxg8 29. gxh5 Nxh5 30. Ne2 Nf4 31. Nxf4 exf4 32. Kh2 f6 33. Qd4 Kf7 34. c5 Rd8 35. Qc4+ Kg7 36. h4 Qe5 37. Qe6 Re8 38. Qxe5 Rxe5 39. hxg5 Rxe4 40. gxf6+ Kxf6 41. Kg2 Kxf5 42. Kf2 Re7 43. Rh1 Rf7 44. Kf3 Ke5 45. Rh5+ Kd4 46. Rg5 a5 47. Rh5 Rg7 48. Rh2 Kxc5 49. Kxf4 Re7 50. Rc2+ Kd6 51. Rd2+ Kc7 52. Rc2 b5 53. Kf3 Kb6 54. Rd2 Re6 55. Rc2 c5 56. a3 a4 57. bxa4 bxa4 58. Rb2+ Kc6 59. Rc2 Kd5 60. Rc1 c4 0-1

[Event "Rodeby op"]
[Site "Karlskrona"]
[Date "1997.??.??"]
[Round "4"]
[White "Lejlic, Samir"]
[Black "Lukez, Franko"]
[Result "1/2-1/2"]
[WhiteElo "2405"]
[BlackElo "2320"]
[PlyCount "123"]
[EventDate "1997.??.??"]
[EventType "swiss"]
[EventRounds "7"]
[EventCountry "SWE"]
[SourceTitle "EXT 2001"]
[Source "ChessBase"]
[SourceDate "2000.11.22"]
[SourceVersion "1"]
[SourceVersionDate "2000.11.22"]
[SourceQuality "1"]

1. d4 d5 2. Nc3 Nf6 3. Bg5 Nbd7 4. Nf3 g6 5. e3 Bg7 6. Be2 c6 7. a4 a5 8. h3 0-0 9. 0-0 Ne8 10. e4 dxe4 11. Nxe4 Ndf6 12. Nxf6+ Nxf6 13. Bd3 Be6 14. Re1 Qb6 15. Bc1 Rad8 16. c4 Qc7 17. Be3 Ne8 18. Qd2 c5 19. d5 Bc8 20. Bg5 f6 21. Bf4 Nd6 22. Re2 Rf7 23. Rae1 Bf8 24. b3 Qb6 25. Qc2 Nf5 26. g4 Ng7 27. Bg3 e5 28. Nd2 Ne8 29. f4 exf4 30. Bxf4 Nd6 31. Nf3 Bd7 32. Re3 Re8 33. Qc3 Qd8 34. Rxe8 Bxe8 35. Re3 b6 36. Qb2 Bd7 37. Qh2 Re7 38. Qe2 Rxe3 39. Qxe3 Qe7 40. Qxe7 Bxe7 41. Kg2 Nf7 42. Bc7 Bd8 43. Bg3 Be7 44. Nd2 Kg7 45. Ne4 f5 46. gxf5 gxf5 47. Nd2 Bd6 48. Nf3 Bxg3 49. Kxg3 Kf6 50. Kf4 Nh8 51. Ne5 Ng6+ 52. Nxg6 hxg6 53. h4 Bc8 54. Be2 Bd7 55. Bf3 Be8 56. Bg2 Bd7 57. d6 Be8 58. Bd5 Bd7 59. Bb7 Ke6 60. Bd5+ Kf6 61. Bb7 Ke6 62. Bd5+ 1/2-1/2